Mathematical Methods for Physicists, / (Record no. 2072)
[ view plain ]
| 000 -LEADER | |
|---|---|
| Fixed length control field | 00421nam a2200157 4500 |
| 003 - CONTROL NUMBER IDENTIFIER | |
| Control field | SEACOMEC |
| 005 - DATE AND TIME OF LATEST TRANSACTION | |
| Control field | 20250311131826.0 |
| 008 - FIXED-LENGTH DATA ELEMENTS--GENERAL INFORMATION | |
| Fixed length control field | 250311b |||||||| |||| 00| 0 eng d |
| 020 ## - INTERNATIONAL STANDARD BOOK NUMBER / ISBN | |
| International Standard Book Number | 978-0120598762 |
| Price | 795.00 |
| 040 ## - CATALOGING SOURCE | |
| Original cataloging agency | SEACOMEC |
| 082 ## - DEWEY DECIMAL CLASSIFICATION NUMBER | |
| Classification number | 530.5 |
| Book Number | A685 |
| 245 ## - TITLE STATEMENT | |
| Title | Mathematical Methods for Physicists, / |
| Statement of responsibility | George B. Arfken & Hans J. Weber |
| 250 ## - EDITION STATEMENT | |
| Edition statement | 6th ed |
| 260 ## - IMPRINT | |
| Place of publication | UP: |
| Name of publisher | Elsevier, |
| Date of publication | 2005 |
| 942 ## - ADDED ENTRY ELEMENTS (KOHA) | |
| Koha item type | Books |
| Withdrawn status | Lost status | Source of classification | Damaged status | Not for loan | Home library | Current library | Date acquired | Total Checkouts | Call number | Accession number | Date last seen | Price effective from | Koha item type | Copy number |
|---|---|---|---|---|---|---|---|---|---|---|---|---|---|---|
| Dewey Decimal Classification | SEACOM ENGINEERING COLLEGE | SEACOM ENGINEERING COLLEGE | 03/03/2009 | 530.5 A685 | 14103 | 11/03/2025 | 11/03/2025 | Reference Books | ||||||
| Dewey Decimal Classification | SEACOM ENGINEERING COLLEGE | SEACOM ENGINEERING COLLEGE | 03/03/2009 | 530.5 A685 | 14104 | 11/03/2025 | 11/03/2025 | Books | 1 | |||||
| Dewey Decimal Classification | SEACOM ENGINEERING COLLEGE | SEACOM ENGINEERING COLLEGE | 03/03/2009 | 530.5 A685 | 14105 | 11/03/2025 | 11/03/2025 | Books | 2 | |||||
| Dewey Decimal Classification | SEACOM ENGINEERING COLLEGE | SEACOM ENGINEERING COLLEGE | 03/03/2009 | 530.5 A685 | 14106 | 11/03/2025 | 11/03/2025 | Books | 3 | |||||
| Dewey Decimal Classification | SEACOM ENGINEERING COLLEGE | SEACOM ENGINEERING COLLEGE | 03/03/2009 | 530.5 A685 | 14107 | 11/03/2025 | 11/03/2025 | Books | 4 |
